00606nam a2200205 a 450000100060000000300080000600500170001400800390003103500190007004000270008904100080011608200270012410000220015124500790017325000120025226000470026430000250031150000180033665000460035421885BD-RjUL20211209000736.0140305s1962 ii 001 0 eng a(BD-RjUL)21950 aRIUdEQObengcBD-RjUL aeng a891.4409bDEB 19622231 aDe, Sushil Kumar.10aBengali literature in the nineteenth century, 1757-1857 /cSushil Kumar De a2nd ed. aCalcutta :bFirma K.L. Mukhopadhyay,c1962 aviii, 650 p. ;c23cm aInclude index 0aBengali literaturexHistory and criticism